书目信息 |
| 题名: |
高效养蟹
|
|
| 作者: | 占家智 , 羊茜 编著 | |
| 分册: | ||
| 出版信息: | 北京 机械工业出版社 2015.01 |
|
| 页数: | 230页 | |
| 开本: | 21cm | |
| 丛书名: | ||
| 单 册: | ||
| 中图分类: | S966.16 | |
| 科图分类: | ||
| 主题词: | 养蟹--淡水养殖 | |
| 电子资源: | ||
| ISBN: | 978-7-111-48092-1 | |
| 000 | 00817nam0 2200241 450 | |
| 001 | 5313 | |
| 005 | 20181015131938.55 | |
| 010 | @a978-7-111-48092-1@dCNY25.00 | |
| 100 | @a20150226d2015 em y0chiy50 ea | |
| 101 | 0 | @achi |
| 102 | @aCN@b110000 | |
| 105 | @aa z 000yy | |
| 200 | 1 | @a高效养蟹@9gao xiao yang xie@f占家智,羊茜编著 |
| 210 | @a北京@c机械工业出版社@d2015.01 | |
| 215 | @a230页@c图@d21cm | |
| 300 | @a高效养殖致富直通车 26 | |
| 330 | @a本书主要介绍了池塘精养河蟹、池塘微孔增氧养殖河蟹、稻田养蟹、湖泊网围养蟹、河沟养殖河蟹、河蟹生态立体混养与套养技术,水草的栽培与养护,河蟹病虫防治等内容。 | |
| 606 | 0 | @a养蟹@x淡水养殖 |
| 690 | @aS966.16@v5 | |
| 701 | 0 | @a占家智@9zhan jia zhi@c(水产)@4编著 |
| 701 | 0 | @a羊茜@9yang qian@4编著 |
| 801 | 0 | @aCN@b91MARC@c20150426 |
| 905 | @aMuseLib@dS966.16@e55 | |
| 高效养蟹/占家智,羊茜编著.-北京:机械工业出版社,2015.01 |
| 230页:图;21cm |
| 高效养殖致富直通车 26 |
| ISBN 978-7-111-48092-1:CNY25.00 |
| 本书主要介绍了池塘精养河蟹、池塘微孔增氧养殖河蟹、稻田养蟹、湖泊网围养蟹、河沟养殖河蟹、河蟹生态立体混养与套养技术,水草的栽培与养护,河蟹病虫防治等内容。 |
| ● |
| 相关链接 |
|
|
|
|
正题名:高效养蟹
索取号:S966.16/55
 
预约/预借
| 序号 | 登录号 | 条形码 | 馆藏地/架位号 | 状态 | 备注 |
| 1 | 1129124 | 211291243 | 第二样本阅览室/ [索取号:S966.16/55] | 在馆 | |
| 2 | 1129125 | 211291252 | 第三借阅区/ [索取号:S966.16/55] | 在馆 | |
| 3 | 1129126 | 211291261 | 第三借阅区/ [索取号:S966.16/55] | 在馆 | |
| 4 | 1129127 | 211291270 | 第三借阅区/ [索取号:S966.16/55] | 在馆 | |
| 5 | 1129128 | 211291289 | 密集书库-生命科学系/ [索取号:S966.16/55] | 在馆 |